The seasons of Arnold's apple tree / (Record no. 49794)
| 000 -LEADER | |
|---|---|
| fixed length control field | 01275nam a2200193 4500 |
| 020 ## - INTERNATIONAL STANDARD BOOK NUMBER | |
| International Standard Book Number | 9780152712457 |
| 020 ## - INTERNATIONAL STANDARD BOOK NUMBER | |
| International Standard Book Number | 9780152712464 |
| 042 ## - AUTHENTICATION CODE | |
| Authentication code | lcac |
| 100 ## - MAIN ENTRY--PERSONAL NAME | |
| Personal name | Gibbons, Gail, |
| Relator term | author. |
| 245 14 - TITLE STATEMENT | |
| Title | The seasons of Arnold's apple tree / |
| Statement of responsibility, etc | by Gail Gibbons. |
| 260 ## - PUBLICATION, DISTRIBUTION, ETC. (IMPRINT) | |
| Place of publication, distribution, etc | San Diego : |
| Name of publisher, distributor, etc | Harcourt Brace Jovanovich, |
| Date of publication, distribution, etc | Clarion Books |
| 300 ## - PHYSICAL DESCRIPTION | |
| Extent | [32] p. : |
| Other physical details | col. ill. ; |
| Dimensions | 21 x 27 cm. |
| 520 ## - SUMMARY, ETC. | |
| Summary, etc | As the seasons pass, Arnold enjoys a variety of activities as a result of his apple tree. Includes a recipe for apple pie and a description of how an apple cider press works.<br/><br/>Gail Gibbons, creator of beloved STEM picture books, presents an apple tree's changes through all four seasons, as witnessed by the child who loves it.<br/><br/>In bright illustrations and simple text, Arnold collects apple blossoms in spring, builds a treehouse in summer, makes apple pie and cider in the fall, and hangs strings of popcorn and berries for the birds in winter, among other seasonal activities. Includes a recipe for apple pie and a description of how an apple cider press works. |
| 650 ## - SUBJECT ADDED ENTRY--TOPICAL TERM | |
| Topical term or geographic name as entry element | Children's stories, American. |
| 650 ## - SUBJECT ADDED ENTRY--TOPICAL TERM | |
| Topical term or geographic name as entry element | Seasons |
| General subdivision | Fiction. |
| 650 ## - SUBJECT ADDED ENTRY--TOPICAL TERM | |
| Topical term or geographic name as entry element | Apples |
| General subdivision | Fiction. |
| 9 (RLIN) | 67314 |
| 942 ## - ADDED ENTRY ELEMENTS (KOHA) | |
| Source of classification or shelving scheme | |
| Koha item type | Book |
| Withdrawn status | Lost status | Source of classification or shelving scheme | Damaged status | Not for loan | Home library | Current library | Date acquired | Total Checkouts | Full call number | Barcode | Date last seen | Price effective from | Koha item type |
|---|---|---|---|---|---|---|---|---|---|---|---|---|---|
| Logos International School | Logos International School | 11/19/2025 | J 508 GIB | 041985 | 11/26/2025 | 11/19/2025 | Book |